College Quizbowl Stats
College Quizbowl Stats
Circuits
Seasons
Sets
Records
Detailed Stats
About
Loading...
2024 ACF Winter at Oxford
Tossups
Bonuses
Players
Teams
Categories (Tossup)
Categories (Bonus)
Haemish Campbell
Durham A
Categories
Category
Powers
Gets
Negs
BBs
Points
Earliest Buzz
Avg. Buzz
First Buzzes
Top 3 Buzzes
Literature - European Literature
0
2
0
0
20
105
120.00
0
0
Literature - British Literature
0
1
0
0
10
68
68.00
0
0
Mythology
0
1
0
1
10
127
127.00
0
0
History - European History
0
0
1
0
-5
0.00
0
0
Buzzes
Category
Answer
Value
Buzz Position
Literature - British Literature
Dr. John H. Watson
10
68
Literature - European Literature
Death in Venice
10
105
History - European History
Malta
-5
107
Mythology
the moon
10
127
Literature - European Literature
Siddhartha
10
135
Previous
1
Next